00299 a2200109 4500001000700000020000600007040001100013100003900024240006100063245005600124362000900180168324 a  cMagnum aMarcellino, Nelson Carvalho Et Al.10aPara tirar os pes do chao: corrida e associativismolpor10aPara tirar os pes do chao: corrida e associativismo0 a1899